00234nam a2200085Ia 4500008004100000100001900041245003700060260004200097260000900139170620s9999 xx 000 0 und d aEdiger- Marlow 0aSuccessful School Administration bNew Delhi- Discovery Publishing House c2006